| 000 | 01640nam0a2200397 4500 | ||
|---|---|---|---|
| 001 | RU\NLR\bibl\242934 | ||
| 005 | 20260406060657.0 | ||
| 010 |
_a5-8071-0064-6 _bВ пер. _93000 |
||
| 021 |
_aRU _b2001-45816 _92191 |
||
| 035 | _a(NLR Aleph) 000238805 | ||
| 090 |
_a1391342 _c1391342 |
||
| 100 | _a20020305d2001 |||y0rusy50 ca | ||
| 101 | 1 |
_arus _ceng |
|
| 102 | _aRU | ||
| 105 | _aah ||||||||| | ||
| 200 | 1 |
_aДикий плющ _eДухов. автобиогр. дзэнс. наставника Хакуина _fПер. [с яп.] и предисл. Нормана Уоделла _g[Пер. с англ. Ларионова И.Ю.] |
|
| 210 |
_aСПб. _cЕвразия _d2001 |
||
| 215 |
_a333 с. _cил., факс. _d17 |
||
| 300 | _aПер. изд.: Wild ivy: The spiritual autobiogr. of Zen Master Hakuin / Transl. by Norman Waddell. Boston; London, 1999 | ||
| 320 | _aБиблиогр.: с. 331-333 | ||
| 454 | 0 |
_12001#$aWild ivy$eThe spiritual autobiogr. of Zen Master Hakuin$fTransl. by Norman Waddell _1210##$aBoston$aLondon$d1999 _tWild ivy |
|
| 600 | 1 |
_aХакуин _bЭ. _f1686 - 1768 _gЭкаку _92240919 _3RU\NLR\auth\661344685 |
|
| 610 | 0 | _aДзэн-буддизм | |
| 675 |
_a294 _v3 _zrus |
||
| 686 |
_a21.51 _2rugasnti |
||
| 686 |
_a86.35 _2rubbk |
||
| 686 | _aЭ353.2 | ||
| 700 | 1 |
_4070 _8rus _7ca _aХакуин _bЭ. _f1685-1769 _gЭкаку _3RU\NLR\auth\7710857 _9120621 |
|
| 702 | 1 |
_aУоделл _bН. _gНорман _4730 |
|
| 801 | 0 |
_aRU _bRKP _c20020305 _gPSBO |
|
| 801 | 1 |
_aRU _bRKP _c20020305 |
|
| 801 | 2 |
_aRU _bNLR _c20020506 _grcr |
|
| 942 | _cBOOK | ||
| 980 | _aNB | ||